Statistiken für Ewige Tabelle Bundesliga Österreich

Klicken Sie hier um das Quiz zu spielen!

Allgemein

  • Dieses Quiz wurde 34 mal gespielt
  • Das Durchschnittsergebnis liegt bei 15 aus 40

Antwortstatistiken

Plz.SaisonsPunkteVerein% Korrekt
1.503033FK Austria Wien
100%
2.502979SK Rapid Wien
100%
3.452677RB Salzburg
97%
7.331465LASK
84%
4.502553Sturm Graz
81%
29.3109Austria Klagenfurt
72%
5.351895Wacker Innsbruck
72%
8.271286Grazer AK
69%
13.12524Wolfsberger AC
66%
14.13482SCR Altach
59%
20.6225TSV Hartberg
59%
21.6223Schwarz-Weiss Bregenz
56%
27.5129Austria Lustenau
53%
38.122Blau Weiß Linz
53%
6.411747Admira Wacker Mödling
50%
24.5161WSG Tirol
50%
15.12420First Vienna
47%
9.23988SV Ried
44%
19.6234Wiener Neustadt
41%
31.4101DSV Leoben
38%
26.4130Kapfenberg
34%
11.15613SV Mattersburg
25%
30.4106VfB Mödling
22%
28.3126SV Grödig
19%
16.12405FC Kärnten
16%
34.244FC Union Wels
16%
18.9255Vorwärts Steyr
13%
39.1131. Simmeringer SC
9%
33.361Kremser SC
9%
22.7218SC Eisenstadt
9%
12.15577Wiener Sport-Club
9%
17.8371Austria Kärnten
3%
32.261Favoritner AC
3%
10.18725FC Linz
3%
40.17Salzburger AK 1914
3%
25.5151SKN St. Pölten
3%
35.133SV Spittal/Drau
3%
37.128SV St. Veit/Glan
3%
23.6210VSE St. Pölten
3%
36.233SC Neusiedl am See
0%

Verteilung der Resultate

Perzentil nach korrekt beantworteten Fragen

Anzahl Personen mit jedem Resultat

Ihre Resultats-Entwicklung

Sie haben dieses Quiz noch nicht gespielt